000 00593nam a2200217Ia 4500
003 OSt
005 20220926022836.0
006 a|||||r|||| 00| 0
007 ta
008 220923b |||||||| |||| 00| 0 eng d
037 _cGeneral Book
040 _aRTL
_cRTL
_beng
041 _2eng
_aeng
082 _aV463:3(Q58), L9/TD
100 _aSaid Edward w.
_919444
245 0 _aQuestion of Palestine
260 _aNew York
_bVintage Books
_c1979
300 _avi,273p.
_ccm.
942 _hV463:3(Q58), L9/TD
_cGB
_2CC
999 _c640398
_d640398